000
00341nam a2200145Ia 4500
008
100415s9999 xx 000 0 und d
082
_b
3194
_a
500
100
_a
Crammer JL (ed.)
245
_a
Science News
260
_a
ENGLAND
_c
1949
_b
PENGUIN BOOKS
365
_b
0
630
_a
Science News
730
_a
Science News
942
_c
BOOK
999
_c
586183
_d
586180